Omission, omission, all fall down? (Record no. 67553)

MARC details
000 -LEADER
fixed length control field 00846cam a2200217 4500
001 - CONTROL NUMBER
control field X113390
008 - FIXED-LENGTH DATA ELEMENTS--GENERAL INFORMATION
fixed length control field 000000n2001 000 0 eng u
035 ## - SYSTEM CONTROL NUMBER
System control number (Sirsi) u113390
100 ## - MAIN ENTRY--PERSONAL NAME
Personal name Wilkinson, H.
245 ## - TITLE STATEMENT
Title Omission, omission, all fall down?
260 ## - PUBLICATION, DISTRIBUTION, ETC.
Date of publication, distribution, etc. 2001
490 ## - SERIES STATEMENT
Series statement New Law Journal
Volume/sequential designation 151(6989) 22 June 2001, 916-917(2)
520 ## - SUMMARY, ETC.
Summary, etc. Considers who is liable for the remaining repairs where repairing covenants do not cover the whole property with particular reference to "Holding & Barnes Plc v Hill House Hammond Ltd", although other similar cases are also discussed. Case Law.
650 ## - SUBJECT ADDED ENTRY--TOPICAL TERM
Topical term or geographic name entry element HOLDING & BARNES PLC V HILL HOUSE HAMMOND
650 ## - SUBJECT ADDED ENTRY--TOPICAL TERM
Topical term or geographic name entry element LANDLORDS OBLIGATIONS
650 ## - SUBJECT ADDED ENTRY--TOPICAL TERM
Topical term or geographic name entry element REPAIRING COVENANTS
650 ## - SUBJECT ADDED ENTRY--TOPICAL TERM
Topical term or geographic name entry element REPAIRS
650 ## - SUBJECT ADDED ENTRY--TOPICAL TERM
Topical term or geographic name entry element TENANTS OBLIGATIONS
690 ## - LOCAL SUBJECT ADDED ENTRY--TOPICAL TERM (OCLC, RLIN)
Topical term or geographic name as entry element LANDLORD AND TENANT-CASE LAW
942 ## - ADDED ENTRY ELEMENTS (KOHA)
Suppress in OPAC 0
Holdings
Withdrawn status Lost status Source of classification or shelving scheme Damaged status Not for loan Home library Current library Shelving location Date acquired Total Checkouts Full call number Barcode Date last seen Copy number Price effective from Koha item type
    Dewey Decimal Classification     London London Journal article 03/07/2001   X113390 113390-1001 06/08/2019 1 06/08/2019 Journal article